Maquetas de arquitectura: técnicas y construcción

Na minha lista:
Detalhes bibliográficos
Main Authors: Knoll, Wolfgang (Author), Hechinger, Martin (Author)
Formato: Livro
Idioma:espanhol
Publicado em: Barcelona G. Gili 2001
Edição:5a. ed
Assuntos:
Tags: Adicionar Tag
Sem tags, seja o primeiro a adicionar uma tag!

MARC

LEADER 00000nam a2200000 a 4500
001 UCK2173
003 CL-VaPUC
008 041223e20010000SP |||||||||||||||||spa|d
020 |a 9688871958 
082 0 4 |a 720.22  |b KNO  |2 21 
100 0 |a Knoll, Wolfgang  |e author  |9 489976 
700 0 |a Hechinger, Martin  |e author  |9 489977 
245 1 0 |a Maquetas de arquitectura: técnicas y construcción 
250 |a 5a. ed 
300 |a 128 p 
942 |c BK 
945 |d 20041223 00:00:00  |a vberengu 
260 |a Barcelona  |b G. Gili  |c 2001 
650 0 |a Arquitectura  |9 804558 
650 7 |a MAQUETAS  |2 CL-VaPUC  |9 372598 
583 |a last modification  |c 20041223 00:00:00  |k Rodrigo Vera 
999 |c 311792  |d 311790 
952 |0 0  |1 0  |4 0  |6 720_220000000000000_KNO_2001  |7 0  |8 A  |9 381445  |a BIBARQ  |b BIBARQ  |d 2019-11-21  |i 4086171  |o 720.22 KNO 2001  |p 4086171  |r 2025-01-20  |w 2019-11-21  |y BK  |k ARQ